000 00830cam a2200181 4500
001 WB3802-08
008 020115n2002 000 0 eng u
035 _a(Sirsi) u116305
245 _aRetail park boom expected
260 _c2002
490 _aRetail Week
_v 11January 2001, 1(1)
520 _aResearch house Verdict expects out-of town retailing to grow at twice the rate of the rest of the market over the next five years. It compares 32.2 with 13.2 per cent growth by 2007. Reasons cited include the sharp increase in the number of retail 'sheds'. However, space restrictions, due to tighter planning rules, threaten to force up rents on these sites which could hit the margins expected.
590 _aWB
650 _aRETAIL PARKS
650 _aSUPERSTORES
690 _aPROPERTY-COMMERCIAL PROPERTY
942 _n0
999 _c69283
_d69283